LIBRARY & INFORMATION CENTRE, KCAET, TAVANUR

ONLINE PUBLIC ACCESS CATALOGUE (OPAC)

World mastery made simple / (Record no. 11422)

MARC details
000 -LEADER
fixed length control field 00427cam a2200169ua 4500
041 ## - LANGUAGE CODE
Language code of text/sound track or separate title eng
082 ## - DEWEY DECIMAL CLASSIFICATION NUMBER
Classification number 420.81
Item number WAL/WO
100 ## - MAIN ENTRY--AUTHOR NAME
Personal name Arthur, Waldhorn .
245 ## - TITLE STATEMENT
Title World mastery made simple /
250 ## - EDITION STATEMENT
Edition statement 1 /
260 ## - PUBLICATION, DISTRIBUTION, ETC. (IMPRINT)
Place of publication Newyork :
Name of publisher Doubleday&company ,
Year of publication 1957.
300 ## - PHYSICAL DESCRIPTION
Number of Pages 192 ; .
700 1# - ADDED ENTRY--PERSONAL NAME
Personal name Zeiger, Arthur .
942 ## - ADDED ENTRY ELEMENTS (KOHA)
Koha item type Books
Holdings
Withdrawn status Lost status Damaged status Home library Current library Date acquired Full call number Accession Number Koha item type
Withdrawn     KAUAET Sanskrit University 07/04/2012 420.81 10903 Books
free website counter